| 000 | 00985nab a22002177a 4500 | ||
|---|---|---|---|
| 999 |
_c5782 _d5782 |
||
| 003 | OSt | ||
| 005 | 20260106134049.0 | ||
| 008 | 190514b xxu||||| |||| 00| 0 spa d | ||
| 040 | _cPJ | ||
| 100 |
_94332 _aPellegrini, María Victoria |
||
| 245 | 1 | 3 |
_aLa obligación alimentaria en las uniones convivenciales : _b¿solo durante la convivencia? / _cMaría Victoria Pellegrini. |
| 300 | _ap. 83-92 | ||
| 505 | _aSumario: I. Introducción.— II. La norma y sus fundamentos (sintetizados).— III. Aportes doctrinarios y jurisprudenciales.— IV. Una interpretación posible y con final abierto. | ||
| 505 | _tSi te interesa el texto, comunicate a koha@justierradelfuego.gov.ar | ||
| 650 | 0 |
_9967 _aDERECHO DE FAMILIA |
|
| 650 | 0 |
_aCODIGO CIVIL Y COMERCIAL _91497 |
|
| 650 | 0 |
_aUNIONES CONVIVENCIALES _91053 |
|
| 650 | 0 |
_aOBLIGACION ALIMENTARIA _91074 |
|
| 773 | 0 |
_02844 _93222 _dBuenos Aires : AbeledoPerrot, 1989- _tDerecho de familia. N° 115 - Julio 2024 _z18511201 |
|
| 942 |
_2udc _cANA |
||